Newbery Medals by Year (Books) - Statistics

General Stats
  • This quiz has been taken 242 times
    241 since last reset
  • The average score is 28 of 94
Answer Stats
Year Book % Correct
1999 Holes
68%
1994 The Giver
61%
1990 Number the Stars
55%
1963 A Wrinkle in Time
48%
1977 Roll of Thunder, Hear My Cry
46%
1922 The Story of Mankind
46%
1979 The Westing Game
46%
1978 Bridge to Terabithia
45%
1986 Sarah, Plain and Tall
41%
1970 Sounder
41%
2000 Bud, Not Buddy
39%
1961 Island of the Blue Dolphins
39%
1992 Shiloh
39%
1959 The Witch of Blackbird Pond
38%
1973 Julie of the Wolves
36%
2009 The Graveyard Book
36%
2004 The Tale of Despereaux
36%
1995 Walk Two Moons
36%
2010 When You Reach Me
36%
2001 A Year Down Yonder
35%
1936 Caddie Woodlawn
35%
1984 Dear Mr. Henshaw
35%
1981 Jacob Have I Loved
35%
1946 Strawberry Girl
35%
1969 The High King
35%
2013 The One and Only Ivan
35%
192 Gay Neck, the Story of a Pigeon
33%
1952 Ginger Pye
33%
1991 Maniac Magee
33%
1972 Mrs. Frisby and the Rats of NIMH
33%
2002 A Single Shard
32%
2015 The Crossover
32%
1933 Young Fu of the Upper Yangtze
32%
1943 Adam of the Road
30%
2011 Moon Over Manifest
30%
1976 The Grey King
30%
1955 The Wheel on the School
30%
1941 Call it Courage
29%
1953 Secret of the Andes
29%
1997 The View from Saturday
29%
1923 The Voyages of Doctor Dolittle
29%
1956 Carry on, Mr. Bowditch
28%
2012 Dead End in Norvelt
28%
2014 Flora & Ulysses: The Illuminated Adventures
28%
2005 Kira-Kira
28%
1947 Miss Hickory
28%
1993 Missing May
28%
1960 Onion John
28%
1964 It's Like This, Cat
26%
1944 Johnny Tremain
26%
1927 Smoky the Cow Horse
26%
1950 The Door in the Wall
26%
2007 The Higher Power of Lucky
26%
1987 The Whipping Boy
26%
1988 Lincoln: A Photobiography
25%
1998 Out of the Dust
25%
1945 Rabbit Hill
25%
1958 Rifles for Watie
25%
1971 Summer of the Swans
25%
1962 The Bronze Bow
25%
1931 The Cat Who Went to Heaven
25%
1996 The Midwife's Apprentice
25%
2003 Crispin: The Cross of Lead
23%
2006 Criss Cross
23%
1930 Hitty, Her First Hundred Years
23%
1949 King of the Wind
23%
1937 Roller Skates
23%
1924 The Dark Frigate
23%
1948 The Twenty-One Balloons
23%
1938 The White Stag
23%
1967 Up a Road Slowly
23%
1982 A Visit to William Blake's Inn
22%
1983 Dicey's Song
22%
1935 Dobry
22%
1975 M.C. Higgins, the Great
22%
1957 Miracles on Maple Hill
22%
1965 Shadow of a Bull
22%
1932 Waterless Mountain
22%
1980 A Gathering of Days: A New England Girl's Journal
20%
1954 ...And Now Miguel
20%
1940 Daniel Boone
20%
1968 From the Mixed-Up Files Mrs. Basil E. Frankweiler
20%
1966 I, Juan de Pareja
20%
1934 Invincible Louisa
20%
1989 Joyful Noise: Poems for Two Voices
20%
1985 The Hero and the Crown
20%
1974 The Slave Dancer
20%
1929 The Trumpeter of Krakow
20%
1939 Thimble Summer
20%
1951 Amos Fortune, Free Man
19%
2008 Good Masters! Sweet Ladies! Voices from a Midieval Village
19%
1925 Tales from Silver Land
19%
1926 Shen of the Sea
17%
1942 The Matchlock Gun
14%
No matching quizzes found
Score Distribution
Percent of People with Each Score
Percentile by Number Answered
Your Score History
You have not taken this quiz since the last reset